| 000 | 00788nam a2200193 a 4500 | ||
|---|---|---|---|
| 001 | 000035166 | ||
| 005 | 20200930074141.0 | ||
| 008 | 111025s1909 sp 000 0 spa d | ||
| 040 |
_aDO-SdBNP _bspa _cBNPHU |
||
| 082 | _axxxx | ||
| 100 | 1 |
_aPerrin, Guillermo, _d(1857-1923) _960890 |
|
| 245 | 0 |
_aPepe el liberal : _bsainete lírico en un acto, dividido en dos cuadros, en prosa / _coriginal de Guillermo Perrín y Miguel de Palacios ; música del maestro Gerónimo Giménez. |
|
| 260 |
_aMadrid : _bSociedad de Autores Españoles, _c1909. |
||
| 300 |
_a42 p. ; _c21 cm. |
||
| 500 | _aEstrenado en el Teatro Cómico el 19 de febrero de 1909 | ||
| 700 | 1 |
_aPalacios, Miguel de, _d(1863-1920) _960891 |
|
| 700 | 1 |
_aGiménez, Gerónimo _960892 |
|
| 710 | 2 |
_aSociedad de Autores Españoles _960837 |
|
| 999 |
_c34657 _d34657 |
||